[Event "Gatineau Nez Rouge"]
[Site "Gatineau CAN"]
[Date "2012.11.27"]
[Round "2"]
[White "Pilon, Robert"]
[Black "Latreille, Etienne"]
[Result "0-1"]
[WhiteElo "1529"]
[BlackElo "1203"]
[PlyCount "50"]
[GameId "2160767909411344"]
[EventDate "2012.11.20"]
[EventType "swiss"]
[EventRounds "5"]
[EventCountry "CAN"]
[SourceTitle "EXT 2022"]
[Source "ChessBase"]
[SourceDate "2021.10.06"]
[SourceVersion "1"]
[SourceVersionDate "2021.10.06"]
[SourceQuality "1"]

1. e4 e5 2. Nf3 Nc6 3. Bc4 Bc5 4. b4 Bxb4 5. c3 Be7 6. Qb3 Nh6 7. d4 d6 8. Bxh6 gxh6 9. Bxf7+ Kf8 10. Bh5 d5 11. Qxd5 Qxd5 12. exd5 e4 13. Ne5 Nxe5 14. dxe5 Rg8 15. g3 Rg5 16. Be2 Rxe5 17. c4 Bf6 18. Nc3 Re7 19. Rc1 e3 20. O-O Bh3 21. Rfe1 exf2+ 22. Kxf2 Bd4+ 23. Kf3 Re3+ 24. Kf4 Kg8 25. Bg4 Rf8+ 0-1

[Event "Gatineau Nez Rouge"]
[Site "Gatineau CAN"]
[Date "2012.11.27"]
[Round "2"]
[White "Raymond, Daniel"]
[Black "Lecorre, Joel"]
[Result "1-0"]
[WhiteElo "1542"]
[BlackElo "1607"]
[PlyCount "83"]
[GameId "2160767909411345"]
[EventDate "2012.11.20"]
[EventType "swiss"]
[EventRounds "5"]
[EventCountry "CAN"]
[SourceTitle "EXT 2022"]
[Source "ChessBase"]
[SourceDate "2021.10.06"]
[SourceVersion "1"]
[SourceVersionDate "2021.10.06"]
[SourceQuality "1"]

1. e4 e6 2. d4 d5 3. Nd2 c5 4. exd5 cxd4 5. Ngf3 Qxd5 6. Bc4 Qd8 7. O-O Nf6 8. Nb3 Be7 9. Nfxd4 O-O 10. Qf3 Qc7 11. Bd3 a6 12. Bg5 Nbd7 13. Rfe1 Nd5 14. Qh3 N5f6 15. Qh4 h6 16. Bxf6 Nxf6 17. Nf3 Bd6 18. c4 Bd7 19. Rac1 b6 20. Nbd2 Bc6 21. Ne4 Nxe4 22. Bxe4 Be7 23. Qh5 Bf6 24. b3 Rad8 25. Bxc6 Qxc6 26. Red1 Rd6 27. Rxd6 Qxd6 28. h3 Rc8 29. Qg4 a5 30. Qe4 g6 31. Qe3 Kg7 32. Qe2 Rd8 33. Qc2 Be7 34. Kf1 f5 35. Qe2 Bf6 36. Re1 Kf7 37. Ne5+ Bxe5 38. Qxe5 Qd3+ 39. Kg1 Qd2 40. Qxe6+ Kf8 41. Qf6+ Kg8 42. Qxg6+ 1-0

[Event "Gatineau Nez Rouge"]
[Site "Gatineau CAN"]
[Date "2012.11.27"]
[Round "2"]
[White "Raymond, Robert"]
[Black "Simard, Paul"]
[Result "1/2-1/2"]
[WhiteElo "1408"]
[BlackElo "1125"]
[PlyCount "95"]
[GameId "2160767909411346"]
[EventDate "2012.11.20"]
[EventType "swiss"]
[EventRounds "5"]
[EventCountry "CAN"]
[SourceTitle "EXT 2022"]
[Source "ChessBase"]
[SourceDate "2021.10.06"]
[SourceVersion "1"]
[SourceVersionDate "2021.10.06"]
[SourceQuality "1"]

1. e4 e5 2. Nf3 Nc6 3. Bb5 a6 4. Ba4 Nf6 5. O-O Bc5 6. c3 b5 7. Bc2 O-O 8. d4 exd4 9. cxd4 Bb6 10. h3 h6 11. a3 Re8 12. Re1 d6 13. Nc3 Bb7 14. Qd3 Qd7 15. Bd2 Na5 16. Rab1 Nc4 17. Ra1 c5 18. b3 Nxd2 19. Nxd2 cxd4 20. Nd5 Nxd5 21. exd5 g6 22. Nf3 Bxd5 23. Nxd4 Bxd4 24. Qxd4 Qc6 25. Rac1 Qb7 26. Re3 Rac8 27. Qd2 Bxg2 28. Rg3 Be4 29. Bxe4 Qxe4 30. Rxc8 Rxc8 31. Re3 Qf5 32. Qe1 h5 33. Re8+ Rxe8 34. Qxe8+ Kh7 35. Qe3 Qf6 36. b4 d5 37. Qb3 d4 38. Qd3 Qg5+ 39. Kf1 Qc1+ 40. Kg2 Qf4 41. Kg1 f5 42. Qb3 Kh6 43. Qg8 Kg5 44. Qd8+ Kh6 45. Qh8+ Kg5 46. Qd8+ Kh6 47. Qh8+ Kg5 48. Qd8+ 1/2-1/2

[Event "Gatineau Nez Rouge"]
[Site "Gatineau CAN"]
[Date "2012.11.27"]
[Round "2"]
[White "Rose, Richard1"]
[Black "Gagnon, Fabien"]
[Result "1-0"]
[WhiteElo "1885"]
[BlackElo "1928"]
[PlyCount "61"]
[GameId "2160767909411347"]
[EventDate "2012.11.20"]
[EventType "swiss"]
[EventRounds "5"]
[EventCountry "CAN"]
[SourceTitle "EXT 2022"]
[Source "ChessBase"]
[SourceDate "2021.10.06"]
[SourceVersion "1"]
[SourceVersionDate "2021.10.06"]
[SourceQuality "1"]

1. e4 c5 2. Nf3 Nc6 3. d4 cxd4 4. Nxd4 g6 5. Be3 Nf6 6. Bd3 Bg7 7. c3 O-O 8. O-O d5 9. Nd2 e5 10. Nxc6 bxc6 11. Bc5 Re8 12. h3 a5 13. a4 Ba6 14. Bxa6 Rxa6 15. Qe2 Ra8 16. Rfd1 Qc7 17. Qe3 Rab8 18. Rab1 Nd7 19. b4 Nxc5 20. Qxc5 axb4 21. cxb4 Bf8 22. Qc3 d4 23. Qc4 Qb7 24. b5 cxb5 25. Rxb5 Qa7 26. Rdb1 Rbc8 27. Qa2 Rc7 28. a5 d3 29. Qd5 Ree7 30. Rb8 Rc5 31. Qd8 1-0

[Event "Gatineau Nez Rouge"]
[Site "Gatineau CAN"]
[Date "2012.11.27"]
[Round "2"]
[White "Traversy, Pierre"]
[Black "Carabineanu, Marcel"]
[Result "0-1"]
[WhiteElo "1136"]
[BlackElo "1294"]
[PlyCount "58"]
[GameId "2160767909411348"]
[EventDate "2012.11.20"]
[EventType "swiss"]
[EventRounds "5"]
[EventCountry "CAN"]
[SourceTitle "EXT 2022"]
[Source "ChessBase"]
[SourceDate "2021.10.06"]
[SourceVersion "1"]
[SourceVersionDate "2021.10.06"]
[SourceQuality "1"]

1. d4 e6 2. e4 d5 3. e5 Nc6 4. Nf3 Nge7 5. Bg5 h6 6. Bd2 Nf5 7. c3 Bd7 8. Be2 Qe7 9. O-O O-O-O 10. Re1 g5 11. Kf1 g4 12. Ng1 h5 13. Bd3 Bg7 14. Bf4 Rde8 15. Nd2 Bh6 16. Ne2 Bxf4 17. Nxf4 Qg5 18. g3 h4 19. Re2 hxg3 20. hxg3 Rh1+ 21. Kg2 Rxd1 22. Rxd1 Rh8 23. Rh1 Rxh1 24. Kxh1 Nce7 25. Nb3 Ng6 26. Nxg6 Qxg6 27. Kg2 Ba4 28. Na5 Bd1 29. Re1 Bf3+ 0-1

[Event "Gatineau Nez Rouge"]
[Site "Gatineau CAN"]
[Date "2012.12.04"]
[Round "3"]
[White "Dagenais, Benoit"]
[Black "Jobin, Gilles G"]
[Result "1-0"]
[WhiteElo "1735"]
[BlackElo "1816"]
[PlyCount "69"]
[GameId "2160767909411349"]
[EventDate "2012.11.20"]
[EventType "swiss"]
[EventRounds "5"]
[EventCountry "CAN"]
[SourceTitle "EXT 2022"]
[Source "ChessBase"]
[SourceDate "2021.10.06"]
[SourceVersion "1"]
[SourceVersionDate "2021.10.06"]
[SourceQuality "1"]

1. e4 g6 2. d4 Bg7 3. Be3 c5 4. Nc3 Qa5 5. Qd2 d6 6. dxc5 dxc5 7. Rd1 Be6 8. Bxc5 Bxc3 9. bxc3 Nc6 10. Bd4 Nf6 11. Bd3 O-O-O 12. Bxf6 exf6 13. Ne2 f5 14. exf5 Bxf5 15. O-O Qxa2 16. Nd4 Bxd3 17. Qxd3 Nxd4 18. cxd4 Qd5 19. c4 Qd7 20. d5 Rhe8 21. Rd2 f5 22. Ra1 Qe7 23. h3 Qc5 24. Rda2 Re4 25. Rxa7 Qxc4 26. Qa3 Qb5 27. Rc1+ Kd7 28. Qd3 Qb6 29. Raa1 Rd4 30. Qc3 Re4 31. Rab1 Qd4 32. Rxb7+ Ke8 33. Qc6+ Kf8 34. Qc7 Qxd5 35. Qg7+ 1-0

[Event "Gatineau Nez Rouge"]
[Site "Gatineau CAN"]
[Date "2012.12.04"]
[Round "3"]
[White "Danilov, Alex"]
[Black "Raymond, Daniel"]
[Result "1-0"]
[WhiteElo "1693"]
[BlackElo "1542"]
[PlyCount "149"]
[GameId "2160767909411350"]
[EventDate "2012.11.20"]
[EventType "swiss"]
[EventRounds "5"]
[EventCountry "CAN"]
[SourceTitle "EXT 2022"]
[Source "ChessBase"]
[SourceDate "2021.10.06"]
[SourceVersion "1"]
[SourceVersionDate "2021.10.06"]
[SourceQuality "1"]

1. Nf3 d5 2. d4 Nf6 3. Bf4 Nc6 4. e3 Bg4 5. c3 e6 6. Be2 Bd6 7. Qb3 Rb8 8. Nbd2 Bxf4 9. exf4 O-O 10. O-O Qd6 11. g3 Ne4 12. Qd1 Bf5 13. Nh4 Nxd2 14. Qxd2 Ne7 15. Qe3 Rfe8 16. g4 Bg6 17. Rae1 f5 18. g5 Bf7 19. Ng2 a5 20. h4 b6 21. h5 c5 22. Bd1 cxd4 23. Qxd4 Nc6 24. Qd2 b5 25. Nh4 g6 26. hxg6 hxg6 27. Nf3 Rbd8 28. Nd4 Qc5 29. Re3 Nxd4 30. cxd4 Qb6 31. Rh3 Kg7 32. Qe3 Qd6 33. Kg2 Rh8 34. Rfh1 Rb8 35. a3 b4 36. axb4 axb4 37. Qe5+ Qxe5 38. fxe5 Rxh3 39. Rxh3 Rc8 40. Kf1 Rc4 41. Rd3 Be8 42. Rd2 Bb5 43. Ke1 Kf7 44. Bc2 Rc8 45. Kd1 Ke7 46. f4 Rh8 47. Rf2 Rh3 48. Kd2 b3 49. Bb1 Kd7 50. Rg2 Bc4 51. Rg1 Kc6 52. Re1 Kb5 53. Re3 Rh4 54. Rf3 Rg4 55. Ke3 Rh4 56. Bd3 Rh2 57. Bxc4+ Kxc4 58. Rf1 Rh3+ 59. Kd2 Kxd4 60. Kc1 Ke4 61. Kd2 d4 62. Rf2 Rh4 63. Re2+ Kf3 64. Kd3 Rxf4 65. Rh2 Kg4 66. Rg2+ Kh3 67. Rg1 Kh2 68. Rc1 Rf2 69. Kxd4 Rxb2 70. Rc6 Rd2+ 71. Ke3 Rc2 72. Rxe6 b2 73. Rb6 Rc3+ 74. Kd4 Rb3 75. Rxb3 1-0

[Event "Gatineau Nez Rouge"]
[Site "Gatineau CAN"]
[Date "2012.12.04"]
[Round "3"]
[White "Gagnon, Fabien"]
[Black "Morel, Joseph"]
[Result "1-0"]
[WhiteElo "1928"]
[BlackElo "1640"]
[PlyCount "47"]
[GameId "2160767909411351"]
[EventDate "2012.11.20"]
[EventType "swiss"]
[EventRounds "5"]
[EventCountry "CAN"]
[SourceTitle "EXT 2022"]
[Source "ChessBase"]
[SourceDate "2021.10.06"]
[SourceVersion "1"]
[SourceVersionDate "2021.10.06"]
[SourceQuality "1"]

1. Nf3 d5 2. g3 Nc6 3. d4 Bg4 4. Bg2 e6 5. O-O h5 6. c4 dxc4 7. Qa4 Qd7 8. Qxc4 O-O-O 9. e3 Be7 10. Nbd2 h4 11. b4 hxg3 12. fxg3 Bh3 13. b5 Na5 14. Qa4 Bxg2 15. Kxg2 b6 16. Nb3 Nxb3 17. axb3 Qd5 18. Qxa7 f6 19. Bd2 Nh6 20. Rfc1 Qb7 21. Rc6 Rd6 22. Qa8+ Qb8 23. Rxd6 Bxd6 24. Qc6 1-0

[Event "Gatineau Nez Rouge"]
[Site "Gatineau CAN"]
[Date "2012.12.04"]
[Round "3"]
[White "Groleau, Gilles"]
[Black "Desjardins, Michel"]
[Result "1/2-1/2"]
[WhiteElo "1949"]
[BlackElo "1887"]
[PlyCount "100"]
[GameId "2160767909411352"]
[EventDate "2012.11.20"]
[EventType "swiss"]
[EventRounds "5"]
[EventCountry "CAN"]
[SourceTitle "EXT 2022"]
[Source "ChessBase"]
[SourceDate "2021.10.06"]
[SourceVersion "1"]
[SourceVersionDate "2021.10.06"]
[SourceQuality "1"]

1. e4 d5 2. exd5 Qxd5 3. Nc3 Qd6 4. d4 Nf6 5. Nf3 a6 6. Be3 b5 7. Bd3 Bb7 8. O-O Nbd7 9. Qe2 e6 10. Ng5 Be7 11. Nge4 Qc6 12. f3 O-O 13. Nxf6+ Nxf6 14. a4 b4 15. Ne4 Nd5 16. Bd2 Qb6 17. Qf2 Rac8 18. a5 Qa7 19. Nc5 Bxc5 20. dxc5 Bc6 21. Bc4 Rb8 22. Bxd5 Bxd5 23. Ra4 b3 24. c4 Bc6 25. Ra3 Rfd8 26. Qe3 Rd7 27. Rf2 Qb7 28. h3 Re7 29. Be1 f6 30. Rd2 e5 31. Rd3 Qc8 32. Raxb3 Rxb3 33. Rxb3 Rd7 34. Rd3 Qd8 35. Rxd7 Qxd7 36. b3 Kf7 37. Qd2 Ke6 38. Qxd7+ Bxd7 39. Kf2 c6 40. Ke3 Be8 41. g3 Bf7 42. h4 f5 43. Bc3 g6 44. Bb2 h5 45. Bc1 Kf6 46. f4 e4 47. Kd4 Ke6 48. b4 Be8 49. Be3 Bd7 50. Bf2 Be8 1/2-1/2

[Event "Gatineau Nez Rouge"]
[Site "Gatineau CAN"]
[Date "2012.12.04"]
[Round "3"]
[White "Guimond, Michel"]
[Black "Lavergne, Daniel"]
[Result "0-1"]
[WhiteElo "1991"]
[BlackElo "1708"]
[PlyCount "58"]
[GameId "2160767909411353"]
[EventDate "2012.11.20"]
[EventType "swiss"]
[EventRounds "5"]
[EventCountry "CAN"]
[SourceTitle "EXT 2022"]
[Source "ChessBase"]
[SourceDate "2021.10.06"]
[SourceVersion "1"]
[SourceVersionDate "2021.10.06"]
[SourceQuality "1"]

1. e4 c5 2. b3 Nc6 3. Bb2 d6 4. Bb5 a6 5. Bxc6+ bxc6 6. d3 e5 7. Ne2 Ne7 8. f4 f6 9. f5 Qb6 10. Nbc3 Bd7 11. Na4 Qa7 12. c4 g6 13. Ng3 O-O-O 14. O-O Bg7 15. Bc3 h5 16. Ba5 h4 17. Bxd8 Kxd8 18. Ne2 gxf5 19. Kh1 Bh6 20. Qe1 Be3 21. b4 h3 22. g3 d5 23. bxc5 dxe4 24. dxe4 Ke8 25. Qa5 Kf7 26. Rad1 fxe4 27. Nec3 Bg4 28. Nxe4 Bxd1 29. Rxd1 Rb8 0-1

[Event "Gatineau Nez Rouge"]
[Site "Gatineau CAN"]
[Date "2012.12.04"]
[Round "3"]
[White "Latreille, Etienne"]
[Black "Potvin, Daniel"]
[Result "0-1"]
[WhiteElo "1203"]
[BlackElo "1690"]
[PlyCount "44"]
[GameId "2160767909411354"]
[EventDate "2012.11.20"]
[EventType "swiss"]
[EventRounds "5"]
[EventCountry "CAN"]
[SourceTitle "EXT 2022"]
[Source "ChessBase"]
[SourceDate "2021.10.06"]
[SourceVersion "1"]
[SourceVersionDate "2021.10.06"]
[SourceQuality "1"]

1. e4 b6 2. Nc3 Bb7 3. d4 e6 4. Bb5 Bb4 5. Bd2 Nf6 6. Qe2 a6 7. Bd3 O-O 8. Nf3 d5 9. e5 Bxc3 10. Bxc3 Ne4 11. Bxe4 dxe4 12. Nd2 Qd5 13. O-O-O a5 14. b3 a4 15. Bb4 axb3 16. Nxb3 Rxa2 17. Kb1 Qxb3+ 18. cxb3 Rxe2 19. Bxf8 Kxf8 20. Rc1 c6 21. Rhf1 Ba6 22. Rxc6 Nxc6 0-1

[Event "Gatineau Nez Rouge"]
[Site "Gatineau CAN"]
[Date "2012.12.04"]
[Round "3"]
[White "Lecorre, Joel"]
[Black "Carabineanu, Marcel"]
[Result "1-0"]
[WhiteElo "1607"]
[BlackElo "1294"]
[PlyCount "57"]
[GameId "2160767909411355"]
[EventDate "2012.11.20"]
[EventType "swiss"]
[EventRounds "5"]
[EventCountry "CAN"]
[SourceTitle "EXT 2022"]
[Source "ChessBase"]
[SourceDate "2021.10.06"]
[SourceVersion "1"]
[SourceVersionDate "2021.10.06"]
[SourceQuality "1"]

1. e4 e6 2. d4 d5 3. e5 Nc6 4. c3 Nge7 5. Ne2 Nf5 6. Nd2 g6 7. Nf3 Bd7 8. Ng3 Nxg3 9. hxg3 f5 10. Be3 Qe7 11. Bg5 Qf7 12. Bf6 Bg7 13. Bxg7 Qxg7 14. Qd2 O-O-O 15. b4 Qe7 16. a4 a6 17. Bd3 Na7 18. O-O h6 19. Rfb1 Kb8 20. Qe2 c6 21. Nd2 Bc8 22. Nb3 g5 23. Nc5 g4 24. b5 cxb5 25. axb5 Nxb5 26. Bxb5 axb5 27. Rxb5 Rh7 28. Qa2 Bd7 29. Rxb7+ 1-0

[Event "Gatineau Nez Rouge"]
[Site "Gatineau CAN"]
[Date "2012.12.04"]
[Round "3"]
[White "Legare, Gilles"]
[Black "Raymond, Robert"]
[Result "0-1"]
[WhiteElo "1039"]
[BlackElo "1408"]
[PlyCount "58"]
[GameId "2160767909411356"]
[EventDate "2012.11.20"]
[EventType "swiss"]
[EventRounds "5"]
[EventCountry "CAN"]
[SourceTitle "EXT 2022"]
[Source "ChessBase"]
[SourceDate "2021.10.06"]
[SourceVersion "1"]
[SourceVersionDate "2021.10.06"]
[SourceQuality "1"]

1. e4 d6 2. Nf3 e5 3. Be2 Nf6 4. d3 Be7 5. Bg5 h6 6. Be3 O-O 7. Nh4 c6 8. Nd2 d5 9. Nf5 Bxf5 10. exf5 d4 11. Bxh6 gxh6 12. O-O Ne8 13. Ne4 Nd7 14. Qd2 Bg5 15. Qd1 Ng7 16. Ng3 Bf4 17. Bf3 Bxg3 18. fxg3 Nxf5 19. Be4 Ne3 20. Qf3 Nxf1 21. Qf5 Nf6 22. Rxf1 Nxe4 23. Qxe4 Qg5 24. Rf3 Rae8 25. h3 f5 26. Qe1 e4 27. Rf4 exd3 28. Qd2 Qxg3 29. Rf1 Re2 0-1

[Event "Gatineau Nez Rouge"]
[Site "Gatineau CAN"]
[Date "2012.12.04"]
[Round "3"]
[White "Lemieux, Denis"]
[Black "Kouassi, Karen"]
[Result "1-0"]
[WhiteElo "1460"]
[BlackElo "1167"]
[PlyCount "89"]
[GameId "2160767909411357"]
[EventDate "2012.11.20"]
[EventType "swiss"]
[EventRounds "5"]
[EventCountry "CAN"]
[SourceTitle "EXT 2022"]
[Source "ChessBase"]
[SourceDate "2021.10.06"]
[SourceVersion "1"]
[SourceVersionDate "2021.10.06"]
[SourceQuality "1"]

1. d4 d5 2. c4 Nf6 3. Nc3 b6 4. Bf4 Nc6 5. Nb5 e5 6. dxe5 Bb4+ 7. Bd2 Ne4 8. Bxb4 Nxb4 9. a3 Qe7 10. Nf3 Bg4 11. Rc1 a6 12. Nc3 O-O-O 13. axb4 dxc4 14. Qa4 Nxc3 15. Qxa6+ Kd7 16. bxc3 f6 17. Qxc4 Bxf3 18. gxf3 fxe5 19. Qb5+ Ke6 20. Bh3+ Kf6 21. O-O Kg6 22. Qc6+ Rd6 23. Qe4+ Kh6 24. Kh1 Rf8 25. e3 Rdf6 26. Qh4+ Kg6 27. Bg4 h6 28. e4 b5 29. Rg1 Kh7 30. Bf5+ Kh8 31. Rg6 Qd6 32. Rcg1 Qd3 33. Qxh6+ gxh6 34. Rg7 Qxf3+ 35. R1g2 R6f7 36. R7g6 Rf6 37. Rg7 R6f7 38. R7g6 Rf6 39. Rg7 R6f7 40. R7g3 Qd1+ 41. Rg1 Qd2 42. Rg6 c6 43. h3 Rf6 44. Rg7 Qf4 45. Rh7# 1-0

[Event "Gatineau Nez Rouge"]
[Site "Gatineau CAN"]
[Date "2012.12.04"]
[Round "3"]
[White "Pilon, Robert"]
[Black "Jiang, Qizhe"]
[Result "0-1"]
[WhiteElo "1529"]
[BlackElo "1440"]
[PlyCount "82"]
[GameId "2160767909411358"]
[EventDate "2012.11.20"]
[EventType "swiss"]
[EventRounds "5"]
[EventCountry "CAN"]
[SourceTitle "EXT 2022"]
[Source "ChessBase"]
[SourceDate "2021.10.06"]
[SourceVersion "1"]
[SourceVersionDate "2021.10.06"]
[SourceQuality "1"]

1. d4 Nf6 2. c4 g6 3. Nc3 Bg7 4. e4 d6 5. Nf3 O-O 6. Be2 e5 7. d5 Nbd7 8. h3 Nc5 9. Bd3 Nh5 10. g3 f5 11. Bg5 Bf6 12. Bxf6 Qxf6 13. O-O Nxd3 14. Qxd3 fxe4 15. Qxe4 Qxf3 16. Qh4 c6 17. Rae1 cxd5 18. Nxd5 Qf7 19. Rd1 Nf6 20. b3 Nxd5 21. Rxd5 Qc7 22. Rfd1 Qd8 23. Qh6 Qf6 24. R1d2 Rd8 25. g4 b6 26. Qe3 Bb7 27. R5d3 Rd7 28. Qg3 Rad8 29. Re3 Qf4 30. Qxf4 exf4 31. Re6 d5 32. cxd5 Rxd5 33. Rde2 Rd1+ 34. Re1 Rxe1+ 35. Rxe1 Kf7 36. Rc1 Rc8 37. Rd1 Rc7 38. g5 Ke6 39. Kf1 Kf5 40. h4 Kg4 41. Rd4 Bf3 0-1

[Event "Gatineau Nez Rouge"]
[Site "Gatineau CAN"]
[Date "2012.12.04"]
[Round "3"]
[White "Scantland, Patrick"]
[Black "Rose, Richard1"]
[Result "1-0"]
[WhiteElo "1837"]
[BlackElo "1885"]
[PlyCount "73"]
[GameId "2160767909411359"]
[EventDate "2012.11.20"]
[EventType "swiss"]
[EventRounds "5"]
[EventCountry "CAN"]
[SourceTitle "EXT 2022"]
[Source "ChessBase"]
[SourceDate "2021.10.06"]
[SourceVersion "1"]
[SourceVersionDate "2021.10.06"]
[SourceQuality "1"]

1. d4 Nf6 2. Nf3 e6 3. c4 d5 4. Nc3 c6 5. cxd5 exd5 6. Qc2 Bd6 7. Bg5 h6 8. Bxf6 gxf6 9. e4 dxe4 10. Qxe4+ Qe7 11. Qxe7+ Kxe7 12. Bd3 Bg4 13. Nh4 Rg8 14. g3 Na6 15. a3 Rae8 16. Kd2 Kd7 17. d5 Nc5 18. dxc6+ bxc6 19. Bc2 Be5 20. f3 Be6 21. b4 Nb3+ 22. Bxb3 Bxb3 23. Rac1 Rd8 24. Ne4 Kc7+ 25. Ke2 Ba4 26. Nf5 Bb5+ 27. Kf2 Rd3 28. Rhd1 Rgd8 29. Rxd3 Rxd3 30. Nxh6 Rxa3 31. Nxf7 Ra2+ 32. Ke1 Bd4 33. Nfd6 Be2 34. Ne8+ Kb6 35. Nc3 Ra1 36. Nxe2 Rxc1+ 37. Nxc1 1-0

[Event "Gatineau Nez Rouge"]
[Site "Gatineau CAN"]
[Date "2012.12.04"]
[Round "3"]
[White "Simard, Paul"]
[Black "Arsenault, Yves"]
[Result "0-1"]
[WhiteElo "1125"]
[BlackElo "1536"]
[PlyCount "104"]
[GameId "2160767909411360"]
[EventDate "2012.11.20"]
[EventType "swiss"]
[EventRounds "5"]
[EventCountry "CAN"]
[SourceTitle "EXT 2022"]
[Source "ChessBase"]
[SourceDate "2021.10.06"]
[SourceVersion "1"]
[SourceVersionDate "2021.10.06"]
[SourceQuality "1"]

1. e4 c5 2. Nf3 Nc6 3. Nc3 d6 4. h3 Nf6 5. Bb5 Bd7 6. d4 cxd4 7. Nxd4 e5 8. Nf3 a6 9. Ba4 Be7 10. O-O O-O 11. a3 b5 12. Bb3 Rc8 13. Ba2 Na5 14. Nd2 Bc6 15. b4 Nb7 16. Bb2 Qc7 17. Re1 Nd8 18. Nd5 Nxd5 19. exd5 Bd7 20. Ne4 f5 21. Nc5 Kh8 22. Nxd7 Qxd7 23. Rc1 Rf6 24. Re3 f4 25. Re4 Nf7 26. h4 Rg6 27. f3 Bxh4 28. c4 Qa7+ 29. c5 dxc5 30. bxc5 Rxc5 31. Rd4 exd4 32. Rxc5 Qxc5 33. Bxd4 Qd6 34. Qc1 h6 35. Bb1 Rg5 36. Qc2 Kg8 37. Qe2 Ne5 38. Qe4 g6 39. Qxf4 Bg3 40. Qe4 Qc7 41. Bc2 Rf5 42. Kf1 Qc4+ 43. Kg1 Qc7 44. d6 Qxd6 45. Bb3+ Nc4 46. Qe8+ Rf8 47. Qe4 Rd8 48. Kf1 Qxd4 49. Qxg6+ Qg7 50. Qe6+ Kh8 51. Ke2 Rd2+ 52. Kf1 Qa1+ 0-1

[Event "Gatineau Nez Rouge"]
[Site "Gatineau CAN"]
[Date "2012.12.04"]
[Round "3"]
[White "Traversy, Pierre"]
[Black "Berthiaume, Serge"]
[Result "0-1"]
[WhiteElo "1136"]
[BlackElo "1418"]
[PlyCount "134"]
[GameId "2160767909411361"]
[EventDate "2012.11.20"]
[EventType "swiss"]
[EventRounds "5"]
[EventCountry "CAN"]
[SourceTitle "EXT 2022"]
[Source "ChessBase"]
[SourceDate "2021.10.06"]
[SourceVersion "1"]
[SourceVersionDate "2021.10.06"]
[SourceQuality "1"]

1. d4 Nf6 2. Nf3 g6 3. Nc3 Bg7 4. e4 O-O 5. e5 Ne8 6. Bc4 c5 7. Bf4 cxd4 8. Nxd4 Nc6 9. Nf3 Qb6 10. b3 Qa5 11. Qd2 Nxe5 12. Nxe5 Bxe5 13. Bxe5 Qxe5+ 14. Qe3 Qxe3+ 15. fxe3 Nd6 16. e4 Nxc4 17. bxc4 d6 18. O-O b6 19. Nd5 f5 20. Nxe7+ Kf7 21. Nd5 Kg7 22. exf5 Bxf5 23. Rf2 Rac8 24. Ne3 Be6 25. Rxf8 Kxf8 26. Rf1+ Ke7 27. Rf4 Rc5 28. Nd5+ Bxd5 29. cxd5 Rxd5 30. Rc4 Rc5 31. Re4+ Kf6 32. Re2 Ra5 33. c3 Ra3 34. Rc2 Kf5 35. Kf2 Ke4 36. g3 d5 37. Ke2 d4 38. cxd4 Re3+ 39. Kf2 Rd3 40. Ke2 Rxd4 41. Rc7 Ra4 42. Re7+ Kd4 43. Rd7+ Kc5 44. Rd2 Ra3 45. Rb2 Kc4 46. Kd2 Rd3+ 47. Kc1 Rf3 48. Rd2 Rd3 49. Rf2 Kd4 50. Re2 Re3 51. Rf2 Kd3 52. Rd2+ Ke4 53. Kb2 Kf3 54. Rd7 Re2+ 55. Kb3 Rxh2 56. Rxa7 Kxg3 57. Rb7 h5 58. Rxb6 g5 59. Rd6 Rf2 60. a4 h4 61. a5 h3 62. a6 h2 63. Rh6 Rf3+ 64. Kb4 Rf4+ 65. Kb5 Rh4 66. Rxh4 gxh4 67. a7 h1=Q 0-1

[Event "Gatineau Nez Rouge"]
[Site "Gatineau CAN"]
[Date "2012.12.11"]
[Round "4"]
[White "Carabineanu, Marcel"]
[Black "Berthiaume, Serge"]
[Result "0-1"]
[WhiteElo "1294"]
[BlackElo "1418"]
[PlyCount "50"]
[GameId "2160767909411362"]
[EventDate "2012.11.20"]
[EventType "swiss"]
[EventRounds "5"]
[EventCountry "CAN"]
[SourceTitle "EXT 2022"]
[Source "ChessBase"]
[SourceDate "2021.10.06"]
[SourceVersion "1"]
[SourceVersionDate "2021.10.06"]
[SourceQuality "1"]

1. e4 g6 2. Bc4 Bg7 3. Nf3 e6 4. O-O Ne7 5. d4 d5 6. exd5 Nxd5 7. Re1 O-O 8. Bg5 Qd6 9. Qd2 Nc6 10. Bh6 Nce7 11. Bxg7 Kxg7 12. Nc3 Nf5 13. Bxd5 exd5 14. Qe2 Be6 15. Qe5+ Qxe5 16. Nxe5 Nxd4 17. Rac1 c6 18. Na4 Bf5 19. c3 Ne6 20. g4 Be4 21. b4 Nf4 22. Nc5 Rfe8 23. Nxe4 Rxe5 24. Nd6 Kf6 25. Nxb7 Ne2+ 0-1

[Event "Gatineau Nez Rouge"]
[Site "Gatineau CAN"]
[Date "2012.12.11"]
[Round "4"]
[White "Danilov, Alex"]
[Black "Gagnon, Fabien"]
[Result "1/2-1/2"]
[WhiteElo "1693"]
[BlackElo "1928"]
[PlyCount "34"]
[GameId "2160767909411365"]
[EventDate "2012.11.20"]
[EventType "swiss"]
[EventRounds "5"]
[EventCountry "CAN"]
[SourceTitle "EXT 2022"]
[Source "ChessBase"]
[SourceDate "2021.10.06"]
[SourceVersion "1"]
[SourceVersionDate "2021.10.06"]
[SourceQuality "1"]

1. Nf3 c5 2. c4 Nf6 3. g3 e6 4. Bg2 Be7 5. Nc3 d5 6. cxd5 exd5 7. d4 Nc6 8. O-O O-O 9. dxc5 d4 10. Na4 Bg4 11. a3 Qd7 12. b4 Rad8 13. Nb2 Rfe8 14. Nd3 Nd5 15. Qc2 Bf6 16. Bb2 a6 17. Rae1 h6 1/2-1/2

[Event "Gatineau Nez Rouge"]
[Site "Gatineau CAN"]
[Date "2012.12.11"]
[Round "4"]
[White "Jiang, Qizhe"]
[Black "Raymond, Robert"]
[Result "1-0"]
[WhiteElo "1440"]
[BlackElo "1408"]
[PlyCount "69"]
[GameId "2160767909411366"]
[EventDate "2012.11.20"]
[EventType "swiss"]
[EventRounds "5"]
[EventCountry "CAN"]
[SourceTitle "EXT 2022"]
[Source "ChessBase"]
[SourceDate "2021.10.06"]
[SourceVersion "1"]
[SourceVersionDate "2021.10.06"]
[SourceQuality "1"]

1. e4 c5 2. Nf3 e6 3. d4 cxd4 4. Nxd4 Nf6 5. Nc3 Nc6 6. Be2 Be7 7. O-O O-O 8. Be3 a6 9. f4 d6 10. Nf3 Qc7 11. Qd2 Rd8 12. Na4 Qa5 13. Qxa5 Nxa5 14. Bb6 Rd7 15. Bxa5 Ra7 16. e5 dxe5 17. Nxe5 Rd5 18. Bb6 Ra8 19. Rfd1 h6 20. c4 Rxd1+ 21. Rxd1 Ne8 22. Bc5 Bf6 23. Nb6 Rb8 24. Nbd7 Bxd7 25. Nxd7 Rc8 26. Nxf6+ Nxf6 27. Be7 Ne4 28. Rd8+ Rxd8 29. Bxd8 Nd2 30. Ba5 Ne4 31. Bf3 Nd6 32. c5 Nc4 33. b4 e5 34. fxe5 Nxe5 35. Bxb7 1-0